000 00516nam a2200193Ia 4500
003 LK-CoDNM
005 20241211092744.0
008 010623t1987 xxu||||| |||| 00| 1 sin d
040 _aLK-CoDNM
_dLK-CoDNM
_eLK-CoDNM
041 _asin
080 _a954.87''/10''
100 _aHewawasam,Siril
245 _aමහානාග රජතුමා
246 _aMahanaga Rajatuma
260 _bPrabuddha
_aBoralasgamuwa
_c1987
300 _b21p. ; 18 cm
700 _aWimalananda himi,Digamadulle
942 _cBK
999 _c113725
_d113725